000 06962cam a22009374i 4500
003 PE-LiUPU
005 20250731173510.0
008 150616s r 000 0 d
020 _a0828001235
035 _a(Sirsi) i9780828001236
040 _aPE-LiUPU
_bspa
_cPE-LiUPU
_erda
049 _aPRUA
050 _aW201
_b.W54
082 0 4 _a286.7325
_bW555
_221
082 0 4 _a286.73
_bW62
_220
100 1 _aWhite, Arthur L.,
_eautor.
245 1 0 _aEllen G. White :
_bthe early elmshaven Years.
_n5 /
_cArthur L. White.
264 1 _aWashington, DC. :
_bReview and Herald Publishing Association,
_c1981.
300 _a448 páginas :
_bilustraciones ;
_c22 centímetros
336 _atext
_2rdacontent
337 _aunmediated
_2rdamedia
338 _avolume
_2rdacarrier
505 0 _aVoyage on the Moana -- Elmshaven -- Face to face with the issues -- Through the south to the 1901 General Conference -- The General Conference of 1901 -- The Church responds -- The last ten days -- -The extended journey home -- In the din of the Battle -- The Battle Creek sanitarium fire -- A perplexing and difficult year -- God reproves his messenger -- The crisis over financial policies -- The 190 General Conference session -- In agony of soul -- The move to washington, D.C -- The threat of pantheism. church White Ellen.
526 _aSEG42
526 _aSEG41
526 _aSEG40
526 _aSEG39
526 _aP94
526 _aP87
526 _aP86
526 _aP85
526 _aP77
526 _aP76
526 _aP35
600 1 _aWhite, Elena G. de,
_d1827-1915
_y1900-1905
910 _ajck
_bjvq
_cjck
942 _2ddc
_cBOOK
949 _a286.7325 W55 4
_wDEWEY
_c1
_i23489
_lCCODEBUL1
_mBUL
_r0
_sY
_tBOOK
_u2015-6-16
_xTEOLOGIA
_zUNKNOWN
_0COMPRA
_o.STAFF. Colección General
949 _a286.7325 W55 4
_wDEWEY
_c2
_i32608
_lCCODEBUL1
_mBUL
_r0
_sY
_tBOOK
_u2015-6-16
_xTEOLOGIA
_zUNKNOWN
_0COMPRA
_o.STAFF. Colección General
949 _a286.7325 W55 4
_wDEWEY
_c3
_i40762
_lCCODEBUL1
_mBUL
_r0
_sY
_tBOOK
_u2015-4-23
_xTEOLOGIA
_zUNKNOWN
_0COMPRA
_o.STAFF. Colección General
949 _a286.7325 W55 4
_wDEWEY
_c4
_i58435
_lCIW
_mBUL
_r1
_sY
_tBOOK
_u2015-6-16
_xWHITE
_zUNKNOWN
_0COMPRA
_o.STAFF. Colección General
949 _a286.7325 W55 4
_wDEWEY
_c5
_i23241
_lCCODEBUL1
_mBUL
_r0
_sY
_tBOOK
_u2015-6-16
_xTEOLOGIA
_zUNKNOWN
_0COMPRA
_o.STAFF. Colección General
949 _a286.7325 W55 4
_wDEWEY
_c6
_i23242
_lCCODEBUL1
_mBUL
_r0
_sY
_tBOOK
_u2015-6-16
_xTEOLOGIA
_zUNKNOWN
_0COMPRA
_o.STAFF. Colección General
949 _a286.7325 W55 4
_wDEWEY
_c7
_i23243
_lCIW
_mBUL
_r1
_sY
_tBOOK
_u2015-6-16
_xWHITE
_zUNKNOWN
_0COMPRA
_o.STAFF. Colección General
949 _a286.73 W62 4
_wDEWEY
_c8
_i64267
_lCCODEBUL1
_mBUL
_r0
_sY
_tBOOK
_u2015-6-16
_xTEOLOGIA
_PP35
_0COMPRA
_o.STAFF. Colección General
949 _a286.7325 W55 5
_wDEWEY
_c1
_i26168
_lCCODEBUL1
_mBUL
_r0
_sY
_tBOOK
_u2015-4-23
_xTEOLOGIA
_zUNKNOWN
_0COMPRA
_o.STAFF. Colección General
949 _a286.7325 W55 5
_wDEWEY
_c2
_i32613
_lCCODEBUL1
_mBUL
_r0
_sY
_tBOOK
_u2015-6-16
_xTEOLOGIA
_zUNKNOWN
_0COMPRA
_o.STAFF. Colección General
949 _aW201 .W54
_wLC
_c1
_i34562
_lCIW
_mBUL
_p00.00
_r1
_sY
_tBOOK
_u2017-01-30
_xWHITE
_zUNKNOWN
_0COMPRA
_o.STAFF. Centro White
949 _a286.7325 W55 5
_wDEWEY
_c4
_i40763
_lCCODEBUL1
_mBUL
_r0
_sY
_tBOOK
_u2015-4-23
_xTEOLOGIA
_zUNKNOWN
_0COMPRA
_o.STAFF. Colección General
949 _a286.7325 W55 5
_wDEWEY
_c5
_i58436
_lCIW
_mBUL
_r1
_sY
_tBOOK
_u2015-6-16
_xWHITE
_zUNKNOWN
_0COMPRA
_o.STAFF. Colección General
949 _a286.7325 W55 5
_wDEWEY
_c6
_i21273
_lCCODEBUL1
_mBUL
_r0
_sY
_tBOOK
_u2015-4-23
_xTEOLOGIA
_zUNKNOWN
_0COMPRA
_o.STAFF. Colección General
949 _a286.7325 W55 5
_wDEWEY
_c7
_i21404
_lCCODEBUL1
_mBUL
_r0
_sY
_tBOOK
_u2015-4-23
_xTEOLOGIA
_zUNKNOWN
_0COMPRA
_o.STAFF. Colección General
949 _a286.7325 W55 5
_wDEWEY
_c8
_i21859
_lCCODEBUL1
_mBUL
_r0
_sY
_tBOOK
_u2015-4-23
_xTEOLOGIA
_zUNKNOWN
_0COMPRA
_o.STAFF. Colección General
949 _a286.7/3 W62 5
_wDEWEY
_c9
_i64269
_lCCODEBUL1
_mBUL
_r0
_sY
_tBOOK
_u2015-6-16
_xTEOLOGIA
_PP35
_0COMPRA
_o.STAFF. Colección General
994 _aC0
_bPEPRU
596 _a1 4
999 _a286.7325 W55 4
_wDEWEY
_c58551
_i23489
_f2021-11-11
_g5
_lCCODEBUL1
_mBUL
_r0
_sY
_tBOOK
_u2015-6-16
_xTEOLOGIA
_zUNKNOWN
_0COMPRA
_o.STAFF. Colección General
_d58551
999 _a286.7325 W55 4
_wDEWEY
_c2
_i32608
_f2021-11-11
_g5
_lCCODEBUL1
_mBUL
_r0
_sY
_tBOOK
_u2015-6-16
_xTEOLOGIA
_zUNKNOWN
_0COMPRA
_o.STAFF. Colección General
999 _a286.7325 W55 4
_wDEWEY
_c3
_i40762
_d2019-6-6
_f2021-11-11
_g5
_lCCODEBUL1
_mBUL
_q1
_r0
_sY
_tBOOK
_u2015-4-23
_xTEOLOGIA
_zUNKNOWN
_0COMPRA
_o.STAFF. Colección General
999 _a286.7325 W55 4
_wDEWEY
_c5
_i23241
_f2021-11-11
_g5
_lCCODEBUL1
_mBUL
_r0
_sY
_tBOOK
_u2015-6-16
_xTEOLOGIA
_zUNKNOWN
_0COMPRA
_o.STAFF. Colección General
999 _a286.7325 W55 4
_wDEWEY
_c6
_i23242
_f2021-11-11
_g5
_lCCODEBUL1
_mBUL
_r0
_sY
_tBOOK
_u2015-6-16
_xTEOLOGIA
_zUNKNOWN
_0COMPRA
_o.STAFF. Colección General
999 _a286.73 W62 4
_wDEWEY
_c8
_i64267
_f2021-11-11
_g5
_lCCODEBUL1
_mBUL
_r0
_sY
_tBOOK
_u2015-6-16
_xTEOLOGIA
_PP35
_0COMPRA
_o.STAFF. Colección General
999 _a286.7325 W55 5
_wDEWEY
_c1
_i26168
_f2021-11-11
_g5
_lCCODEBUL1
_mBUL
_r0
_sY
_tBOOK
_u2015-4-23
_xTEOLOGIA
_zUNKNOWN
_0COMPRA
_o.STAFF. Colección General
999 _a286.7325 W55 5
_wDEWEY
_c2
_i32613
_f2021-11-11
_g5
_lCCODEBUL1
_mBUL
_r0
_sY
_tBOOK
_u2015-6-16
_xTEOLOGIA
_zUNKNOWN
_0COMPRA
_o.STAFF. Colección General
999 _a286.7325 W55 5
_wDEWEY
_c4
_i40763
_f2021-11-11
_g5
_lCCODEBUL1
_mBUL
_r0
_sY
_tBOOK
_u2015-4-23
_xTEOLOGIA
_zUNKNOWN
_0COMPRA
_o.STAFF. Colección General
999 _a286.7325 W55 5
_wDEWEY
_c6
_i21273
_f2021-11-11
_g5
_lCCODEBUL1
_mBUL
_r0
_sY
_tBOOK
_u2015-4-23
_xTEOLOGIA
_zUNKNOWN
_0COMPRA
_o.STAFF. Colección General
999 _a286.7325 W55 5
_wDEWEY
_c7
_i21404
_f2021-11-11
_g5
_lCCODEBUL1
_mBUL
_r0
_sY
_tBOOK
_u2015-4-23
_xTEOLOGIA
_zUNKNOWN
_0COMPRA
_o.STAFF. Colección General
999 _a286.7325 W55 5
_wDEWEY
_c8
_i21859
_f2021-11-11
_g5
_lCCODEBUL1
_mBUL
_r0
_sY
_tBOOK
_u2015-4-23
_xTEOLOGIA
_zUNKNOWN
_0COMPRA
_o.STAFF. Colección General
999 _a286.73 W62 5
_wDEWEY
_c9
_i64269
_f2021-11-11
_g5
_lCCODEBUL1
_mBUL
_r0
_sY
_tBOOK
_u2015-6-16
_xTEOLOGIA
_PP35
_0COMPRA
_o.STAFF. Colección General
999 _a286.7325 W55 V4
_wDEWEY
_c1
_iCW58435
_f2021-12-23
_g2
_lCCODECWL1
_mBWL
_p50.00
_r0
_sY
_tBOOK
_u2017-2-1
_xWHITE
_zUNKNOWN
_0COMPRA
_o.STAFF. Centro White
999 _a286.7325 W55 V4
_wDEWEY
_c2
_iCW23243
_f2021-12-23
_g2
_lCCODECWL1
_mBWL
_p50.00
_r0
_sY
_tBOOK
_u2017-1-31
_xWHITE
_zUNKNOWN
_0COMPRA
_o.STAFF. Centro White
980 _81
_gALBERTO SANCHEZ Responsable de Automatización